000 00753nam a2200253Ia 4500
003 OSt
005 20220925214646.0
006 a|||||r|||| 00| 0
007 ta
008 220923b |||||||| |||| 00| 0 eng d
020 _a086187384X
037 _cGeneral Book
040 _aRTL
_cRTL
_beng
041 _2eng
_aeng
082 _aY9(W).53.N8, M5
100 _aCerny Philip G
_9280866
245 0 _aSocialism the states and public policy in France
260 _aLondon
_bFrances Pinter (Publishers)
_c1985
300 _avi, 298p
_ccm.
650 _aPolitical Sociology
700 _a Schain Martin A Ed.
_9280867
942 _hY9(W).53.N8, M5
_cGB
_2CC
999 _c566163
_d566163